Bước đầu phát triển bộ KIT chẩn đoán nhanh bệnh lao bằng kỹ thuật polymerase chain reaction : Chuyên ngành Công nghệ sinh học

Đề tài nghiên cứu chọn cặp mồi (primers) thích hợp và sử dụng các hoá chất cần thiết để tạo nên bộ kit hỗ trợ cho việc xét nghiệm bệnh lao. So sánh bộ kit thử nghiệm chẩn đoán bệnh lao với các xét nghiệm hiện hành. So sánh kết quả c...

Descrición completa

Gardado en:
Detalles Bibliográficos
Autor Principal: Dương, Thị Loan
Formato: Libro
Idioma:Undetermined
Publicado: Cần Thơ Trường Đại học Cần Thơ 2009
Những chủ đề:
Các nhãn: Engadir etiqueta
Sen Etiquetas, Sexa o primeiro en etiquetar este rexistro!
Thư viện lưu trữ: Trung tâm Học liệu Trường Đại học Cần Thơ
LEADER 01309nam a2200229Ia 4500
001 CTU_154292
008 210402s9999 xx 000 0 und d
082 |a 616.995 
082 |b L406 
088 |a 60420201 
100 |a Dương, Thị Loan 
245 0 |a Bước đầu phát triển bộ KIT chẩn đoán nhanh bệnh lao bằng kỹ thuật polymerase chain reaction : 
245 0 |b Chuyên ngành Công nghệ sinh học 
245 0 |c Dương Thị Loan; Trần Nhân Dũng (Hướng dẫn khoa học) 
260 |a Cần Thơ 
260 |b Trường Đại học Cần Thơ 
260 |c 2009 
520 |a Đề tài nghiên cứu chọn cặp mồi (primers) thích hợp và sử dụng các hoá chất cần thiết để tạo nên bộ kit hỗ trợ cho việc xét nghiệm bệnh lao. So sánh bộ kit thử nghiệm chẩn đoán bệnh lao với các xét nghiệm hiện hành. So sánh kết quả của bộ kit thử nghiệm với bộ kit được pha chế sẵn. 
650 |a Tuberculosis,Tuberculosis,Bệnh lao 
650 |x Research,Diagnosis,Nghiên cứu 
904 |i Năm 
980 |a Trung tâm Học liệu Trường Đại học Cần Thơ